000 00714nam a2200205 a 4500
001 000004685
005 20200929151459.0
008 810706s1984 sp 000 f spa
020 _8427607008
040 _aDO-SdBNP
082 _aAr863.2
_bC174e
100 1 _aCambaceres, Eugenio
_q(Eugenio Cambaceres Alais),
_d1843-1890.
_913644
245 1 0 _aEn la sangre /
_cEugenio Cambaceres ; edición, Claude L. Cymerman.
260 _aMadrid :
_bNacional,
_c1984.
300 _a239 p. ;
_c18 cm.
440 0 _aBiblioteca de la Literatura y el Pensamiento Hispánico ;
_vno. 68
_913645
650 4 _aNovela argentina
_93941
650 4 _aLiteratura argentina
_ySIGLO XIX
_913646
700 1 _aCymerman, Claude L.,
_eed.
_913647
999 _c4491
_d4491